000 00459nam a2200157 i 4500
001 bg
100 1 _aGORCZYCKA, Ewa
245 0 _aFizjologiczne i psychologiczne aspekty pracy ludzkiej /
_cEwa Gorczycka ; Politechnika Częstochowska.
260 _aCzęstochowa :
_bPCz,
_c1984.
300 _a138 s. :
_brys., wykr. ;
_c24 cm.
040 _cBPK
041 _apol
080 _a331::[612+159.9](075.8)
942 _cKS
008 s pl f |000 0 pol
999 _c958
_d958
856 _uhttp://koha.tu.koszalin.pl/cgi-bin/koha/opac-detail.pl?biblionumber=958
_yKatalog online BPK